000 00446cam a2200181ua 4500
020 _cRs 6.00
041 _ahin
_h
082 _a891.54
_bVRI/MA
100 _aVrindavan Lal, Varma .
245 _aMadhav ji sindhya /
_cVrindavan Lal Varma.
_hTextual Documents
250 _a3 /
_b.
260 _aJhansi :
_bMayoor Prakashan ,
_c1960.
300 _a577 ; .
365 _aRs 6.00
504 _a
942 _cBK
999 _c3452
_d3452